|
|
|
|
| LEADER |
00657nab a2200169 i 4500 |
| 001 |
misc4879 |
| 005 |
20191106142854.0 |
| 008 |
170607s1928 hu o 0|| hun d |
| 040 |
|
|
|a SZTE Miscellanea Repozitórium
|b hun
|
| 041 |
|
|
|a hun
|
| 100 |
1 |
|
|a Kovács Marcel
|
| 245 |
1 |
0 |
|a Megjelent dr. Kovács Marcel "Polgári perrendtartás magyarázata"...
|h [elektronikus dokumentum] /
|c Kovács Marcel
|
| 260 |
|
|
|c 1928
|
| 300 |
|
|
|a 182a
|
| 490 |
0 |
|
|a Polgári jog : a hazai és külföldi magánjog és hiteljog szemléje
|v 4 No. 8
|
| 695 |
|
|
|a Eljárásjog magyar könyvismertetés
|
| 856 |
4 |
0 |
|u http://misc.bibl.u-szeged.hu/4879/1/polgari_jog_1928_182a.pdf
|z Dokumentum-elérés
|